UBT Library

Strategic management : (Record no. 39251)

000 -LEADER
fixed length control field 00589cam a2200217 a 4500
001 - CONTROL NUMBER
control field 4714575
005 - DATE AND TIME OF LATEST TRANSACTION
control field 20171220093329.0
008 - FIXED-LENGTH DATA ELEMENTS--GENERAL INFORMATION
fixed length control field 830620s1984 maua b 001 0 eng
010 ## - LIBRARY OF CONGRESS CONTROL NUMBER
LC control number 83013102
020 ## - INTERNATIONAL STANDARD BOOK NUMBER
International Standard Book Number 0273019139 :
Terms of availability $18.95 (est.)
040 ## - CATALOGING SOURCE
Original cataloging agency DLC
Transcribing agency DLC
Modifying agency DLC
041 ## - LANGUAGE CODE
Language code of text/sound track or separate title eng
080 ## - UNIVERSAL DECIMAL CLASSIFICATION NUMBER
Universal Decimal Classification number 658.4012 FRE
082 00 - DEWEY DECIMAL CLASSIFICATION NUMBER
Classification number 658.4012 FRE
Edition number 19
100 1# - Rafti
Rafti 54
101 ## - Shkurtesa
Shkurtesa MEN
245 10 - TITLE STATEMENT
Title Strategic management :
Statement of responsibility, etc R. Edward Freeman.
504 ## - BIBLIOGRAPHY, ETC. NOTE
Bibliography, etc Bibliography: p. 251-266.
906 ## - LOCAL DATA ELEMENT F, LDF (RLIN)
a 7
b cbc
c orignew
d 1
e ocip
f 19
g y-gencatlg
942 ## - ADDED ENTRY ELEMENTS (KOHA)
Source of classification or shelving scheme
Item type Books

No items available.

UBT Library © 2015-2024. All rights reserved University Education for Business and Technology